Sports Quiz

Random Sports or Basketball Quiz

NBA Finals MVPs Venn Diagram Quiz Stats

 Plays Quiz not verified by Sporcle

Score 0/8 Timer 03:00
0 Plays Today
% Correct
LeBron James
82.9%
Magic Johnson
73.4%
Shaquille O'Neal
69%
James Worthy
66.5%
Michael Jordan
66.4%
Wilt Chamberlain
56.2%
Kobe Bryant
50.1%
Kareem Abdul-Jabbar
48.3%

You're not logged in!

Compare scores with friends on all Sporcle quizzes.
OR
Log In

Show Comments

Extras

Top Quizzes Today


Score Distribution

Your Account Isn't Verified!

In order to create a playlist on Sporcle, you need to verify the email address you used during registration. Go to your Sporcle Settings to finish the process.

Report this User

Report this user for behavior that violates our Community Guidelines.

Details: